000
00210 a2200097 4500
001
51488
100
_a
Irving T B
245
_a
Islam Resurgent
260
_a
Lahore
_b
Suhail Academy
_c
090
_c
32612
_d
32612
942
_a
NUST-CAE
_c
M
_c
25128
999
_c
286561
_d
286561